| 000 | 00782nam a2200265Ia 4500 | ||
|---|---|---|---|
| 003 | OSt | ||
| 005 | 20221005081906.0 | ||
| 006 | a|||||r|||| 00| 0 | ||
| 007 | ta | ||
| 008 | 221004b |||||||| |||| 00| 0 eng d | ||
| 020 |
_a0761996435 _c650 |
||
| 024 | _a81801 | ||
| 037 |
_bI-1092, 30/03/2005, Aakar Books _cTextual |
||
| 040 |
_aCRL _cCRL _beng |
||
| 041 |
_2eng _aeng |
||
| 082 | _aY592:6.2.N, P4 | ||
| 245 | 0 | _aClass, Caste, Gender edited by Manoranjan Mohanty | |
| 260 |
_aNew Delhi _bSage Publications India _c2004 |
||
| 300 |
_a439p. _ccm. |
||
| 490 | _aReadings in Indian Government and Politics | ||
| 650 | _a SOCIOLOGY | ||
| 650 | _aCASTE | ||
| 942 |
_hY592:6.2.N, P4 _cTEXL _2cc |
||
| 999 |
_c988422 _d988422 |
||